000 00621nam a22002297a 4500
003 OSt
005 20210414103911.0
008 210310s2017 ||||| |||| 00| 0 eng d
020 _a0848748417
020 _a9780848748418
040 _aeng
_beng
_cDLC
041 _aeng
080 _a663.2
_bG-63
100 _91336
_aGonzalez, Joseph
245 _aWine Guide/ America's 500 Best Wineries
_c/ by: Food and Wine, Time Inc
260 _aNew York
_bFood and Wine, Time Inc
_c2017
300 _a320 p.
365 _b15.95 usd
650 0 _9729
_aWine Making
653 _aმეღვინეობა
942 _2udc
_cBK
999 _c2107
_d2107